| 000 | 00767nam a2200241Ia 4500 | ||
|---|---|---|---|
| 003 | OSt | ||
| 005 | 20220926001522.0 | ||
| 006 | a|||||r|||| 00| 0 | ||
| 007 | ta | ||
| 008 | 220923b |||||||| |||| 00| 0 eng d | ||
| 037 | _cGeneral Book | ||
| 040 |
_aRTL _cRTL _beng |
||
| 041 |
_2eng _aeng |
||
| 082 | _aX93.2.N93-N92t, N3/GD | ||
| 110 |
_aINDIA, CHEMICAL & FERTILIZERS (Ministry of-) _9304149 |
||
| 245 | 0 |
_aCommittee on public undertakings 1991-92 _b14th report. |
|
| 260 |
_a New Delhi _bLok Sabha secretariat _c1993 |
||
| 300 |
_avii,59p. _ccm. |
||
| 500 | _aAppendix :55-59p. | ||
| 700 |
_aINDIA, CHEMICAL & FERTILIZERS (Ministry of-) _9304150 |
||
| 942 |
_hX93.2.N93-N92t, N3/GD _cGB _2CC |
||
| 999 |
_c601784 _d601784 |
||